000 00734cam a22002533a 4500
001 943
003 PGUSA
005 20140828082954.0
008 970601s1997||||xxu|||||s|||||000 | eng d
040 _aPGUSA
_beng
042 _adc
050 4 _aPR
100 1 _aShaw, Bernard,
_d1856-1950
245 1 0 _aMisalliance
_h[electronic resource] /
_cBernard Shaw
260 _bProject Gutenberg,
_c1997
506 _aPublic domain in the USA.
516 _aElectronic text
653 _aEngland -- Social life and customs -- 20th century -- Drama
653 _aEnglish drama -- 20th century
653 _aMate selection -- Drama
830 0 _aProject Gutenberg
_v943
856 4 0 _uhttp://www.gutenberg.org/ebooks/943
942 _cEB
999 _c230294
_d230294